[Event "Titled Tuesday intern op 13th Aug Late"]
[Site "Chess.com INT"]
[Date "2024.08.13"]
[Round "2"]
[White "Gonzalez Castillo, Jose Javier"]
[Black "Klukin, Kirill"]
[Result "1/2-1/2"]
[WhiteElo "2196"]
[BlackElo "2413"]
[PlyCount "225"]
[EventDate "2024.08.13"]
[EventType "swiss (blitz)"]
[EventRounds "11"]
[EventCountry "USA"]
[SourceTitle "EXT 2025"]
[Source "ChessBase"]
[SourceDate "2024.10.14"]
[SourceVersion "1"]
[SourceVersionDate "2024.10.14"]
[SourceQuality "1"]

1. e4 c5 2. c3 g6 3. d4 cxd4 4. cxd4 d5 5. e5 Bg7 6. Nc3 a6 7. h3 Nc6 8. Nf3 f6 9. Be2 fxe5 10. dxe5 e6 11. Bf4 Nh6 12. 0-0 0-0 13. Bh2 Nf7 14. Re1 Nfxe5 15. Nxe5 Nxe5 16. Bxe5 Bxe5 17. Bg4 Qf6 18. Qe2 Bd4 19. Nd1 e5 20. Bxc8 Raxc8 21. Ne3 Bxe3 22. fxe3 Rc5 23. b4 Rcc8 24. Rad1 d4 25. exd4 exd4 26. Qe6+ Qxe6 27. Rxe6 Rcd8 28. Rd3 Rf5 29. Re4 Rfd5 30. g4 Kf7 31. Rf3+ Kg7 32. Rd3 R8d7 33. Kg2 Kf6 34. Kf3 h5 35. h4 hxg4+ 36. Kxg4 Kg7 37. Kf3 Kh6 38. Kg4 R5d6 39. a3 Rd5 40. a4 Kg7 41. a5 Kf6 42. Rf3+ Kg7 43. Rd3 R5d6 44. Rf4 Kh6 45. Re4 Rd5 46. Kg3 Kh5 47. Kf3 Rf5+ 48. Kg3 Rfd5 49. Kf4 Kxh4 50. Kf3+ Kh5 51. Ke2 Kh6 52. Kd2 g5 53. Re6+ Kh5 54. Rh3+ Kg4 55. Rh1 Kf5 56. Re8 d3 57. Rc1 Kg4 58. Rg1+ Kf5 59. Rg8 Kf4 60. Rf8+ Ke5 61. Rxg5+ Kd6 62. Rxd5+ Kxd5 63. Kxd3 Kc6+ 64. Kc4 Rh7 65. Rf6+ Kc7 66. Rf4 Rg7 67. Re4 Rd7 68. Rf4 Re7 69. Rd4 Kc6 70. Rf4 Re6 71. Rg4 Rf6 72. Rh4 Re6 73. Rf4 Rg6 74. Re4 Rh6 75. Rf4 Re6 76. Rg4 Rd6 77. Rf4 Kc7 78. Rf7+ Kb8 79. Rf4 Rd1 80. Rg4 Rc1+ 81. Kb3 Kc7 82. Rg7+ Kb8 83. Rg8+ Ka7 84. Rg4 Rc6 85. Ka4 Re6 86. Rf4 Re5 87. Rg4 Rd5 88. Rf4 Kb8 89. Rc4 Rd6 90. Rc5 Rd7 91. Rc4 Rd3 92. Rg4 Rd5 93. Rf4 Rd6 94. Re4 Kc7 95. Rf4 Kc6 96. Rc4+ Kd7 97. Rg4 Rd1 98. Rg7+ Kc6 99. Rg6+ Rd6 100. Rg4 Re6 101. Rf4 Re1 102. Rf6+ Kc7 103. Rf4 Rc1 104. Rg4 Kb8 105. Rg8+ Ka7 106. Rg4 Ra1+ 107. Kb3 Rf1 108. Ka4 Rf6 109. Rh4 Rc6 110. Re4 Rd6 111. Rf4 Kb8 112. Rf8+ Kc7 113. Rf7+ 1/2-1/2

[Event "Titled Tuesday intern op 13th Aug Late"]
[Site "Chess.com INT"]
[Date "2024.08.13"]
[Round "4"]
[White "Tao, Sihan"]
[Black "Gonzalez Castillo, Jose Javier"]
[Result "1-0"]
[WhiteElo "2186"]
[BlackElo "2196"]
[PlyCount "155"]
[EventDate "2024.08.13"]
[EventType "swiss (blitz)"]
[EventRounds "11"]
[EventCountry "USA"]
[SourceTitle "EXT 2025"]
[Source "ChessBase"]
[SourceDate "2024.10.14"]
[SourceVersion "1"]
[SourceVersionDate "2024.10.14"]
[SourceQuality "1"]

1. e4 g6 2. d4 Bg7 3. Be3 c6 4. Nc3 d5 5. Nf3 dxe4 6. Nxe4 Nf6 7. Nxf6+ exf6 8. Bc4 0-0 9. 0-0 a5 10. a4 Na6 11. Re1 Nc7 12. c3 Nd5 13. h3 Be6 14. Bf1 Re8 15. Qd2 Bf8 16. Bh6 Bd6 17. Re2 Qc7 18. Rae1 Nf4 19. Bxf4 Bxf4 20. Qc2 Kg7 21. Nd2 Bf5 22. Qd1 Rxe2 23. Rxe2 Rd8 24. Nc4 Be6 25. Ne3 h5 26. g3 Bd6 27. Bg2 h4 28. g4 Bf4 29. Qd3 Qd7 30. Nc4 Bc7 31. Ne3 Qd6 32. Nc4 Qh2+ 33. Kf1 Bd5 34. Bxd5 cxd5 35. Re7 dxc4 36. Qxc4 Qxh3+ 37. Ke1 Qh1+ 38. Ke2 Rf8 39. Qxc7 h3 40. g5 h2 41. gxf6+ Kg8 42. Qf4 Qc6 43. Qxh2 Qxf6 44. Qe5 Qh4 45. Rxb7 Qg4+ 46. Kd2 Qf3 47. Re7 Qxf2+ 48. Kc1 Qf1+ 49. Kc2 Rb8 50. Re8+ Rxe8 51. Qxe8+ Kh7 52. Qe4 Qf2+ 53. Kb3 Qf6 54. d5 Qb6+ 55. Kc2 Qf2+ 56. Kd3 Qf1+ 57. Kd4 Qf2+ 58. Kc4 Qxb2 59. d6 Qa2+ 60. Kc5 Qa3+ 61. Kc6 Qxc3+ 62. Kd5 Qc8 63. Qe7 Qf5+ 64. Kc6 Qc2+ 65. Kb7 Qb3+ 66. Kc8 Qc4+ 67. Qc7 Qa6+ 68. Kd8 g5 69. d7 g4 70. Ke8 Qe2+ 71. Kxf7 Qf3+ 72. Ke6 Qe3+ 73. Qe5 Qb3+ 74. Ke7 Qb4+ 75. Qd6 Qe4+ 76. Kf7 Qf5+ 77. Ke8 Qe4+ 78. Qe7+ 1-0

[Event "Titled Tuesday intern op 06th Aug Late"]
[Site "Chess.com INT"]
[Date "2024.08.06"]
[Round "4"]
[White "Gonzalez Castillo, Jose Javier"]
[Black "Ljepic, Andrej"]
[Result "1-0"]
[WhiteElo "2196"]
[BlackElo "2275"]
[PlyCount "107"]
[EventDate "2024.08.06"]
[EventType "swiss (blitz)"]
[EventRounds "11"]
[EventCountry "USA"]
[SourceTitle "EXT 2025"]
[Source "ChessBase"]
[SourceDate "2024.10.14"]
[SourceVersion "1"]
[SourceVersionDate "2024.10.14"]
[SourceQuality "1"]

1. c4 d6 2. Nc3 c6 3. Nf3 Qc7 4. d4 e5 5. g3 Nf6 6. Bg2 Be7 7. 0-0 0-0 8. Qc2 Nbd7 9. Rd1 Re8 10. b3 b6 11. Bb2 Bb7 12. Rac1 Rac8 13. a3 a6 14. b4 Bf8 15. e4 b5 16. dxe5 dxe5 17. c5 Rcd8 18. Rd2 Bc8 19. Rcd1 Kh8 20. Qb3 Re7 21. Qc2 Ng8 22. Ng5 f6 23. Nd5 cxd5 24. exd5 fxg5 25. d6 Qa7 26. dxe7 Bxe7 27. c6 Ngf6 28. cxd7 Bxd7 29. Bxe5 Rc8 30. Rxd7 Qxd7 31. Rxd7 Rxc2 32. Rxe7 Rc1+ 33. Bf1 Kg8 34. Ra7 Ne4 35. Kg2 g4 36. Rxg7+ Kf8 37. Rxg4 Nd2 38. Bd3 Ke7 39. Bf4 Rd1 40. Be2 Re1 41. Bxd2 Rxe2 42. Be3 Ra2 43. Rh4 Rxa3 44. Rxh7+ Ke6 45. Rh6+ Kd5 46. h4 a5 47. bxa5 b4 48. Rb6 Kc4 49. h5 Rxa5 50. h6 Ra8 51. h7 Rh8 52. Rb7 b3 53. Bg5 Rc8 54. Bf6 1-0

[Event "Titled Tuesday intern op 06th Aug Late"]
[Site "Chess.com INT"]
[Date "2024.08.06"]
[Round "1"]
[White "Zhizmer, Yuri"]
[Black "Gonzalez Castillo, Jose Javier"]
[Result "0-1"]
[WhiteElo "2298"]
[BlackElo "2196"]
[PlyCount "140"]
[EventDate "2024.08.06"]
[EventType "swiss (blitz)"]
[EventRounds "11"]
[EventCountry "USA"]
[SourceTitle "EXT 2025"]
[Source "ChessBase"]
[SourceDate "2024.10.14"]
[SourceVersion "1"]
[SourceVersionDate "2024.10.14"]
[SourceQuality "1"]

1. h3 g6 2. c3 Bg7 3. d4 Nf6 4. Nf3 0-0 5. Bf4 b6 6. Bh2 Bb7 7. Nbd2 d6 8. e3 Nbd7 9. Bd3 Re8 10. Qe2 e5 11. dxe5 Nxe5 12. Nxe5 dxe5 13. 0-0 Nd7 14. Ba6 Qc8 15. Bxb7 Qxb7 16. Rfd1 Nc5 17. Nb3 Qc6 18. Qc4 Qe6 19. Qxe6 Nxe6 20. Rd7 Rad8 21. Rad1 Rxd7 22. Rxd7 Rd8 23. Rxd8+ Nxd8 24. Nd2 f6 25. a4 Kf7 26. Kf1 Ke6 27. Ke2 Nb7 28. Nb3 f5 29. f3 Kd5 30. Kd3 e4+ 31. fxe4+ fxe4+ 32. Kc2 c5 33. Bb8 a6 34. Nd2 b5 35. axb5 axb5 36. Bf4 c4 37. b3 Nc5 38. bxc4+ bxc4 39. Bg3 Bh6 40. Nf1 Nd3 41. Kd2 Bg5 42. Ke2 Bf6 43. Kd2 Nc5 44. Nh2 Na4 45. Ng4 Bxc3+ 46. Kc2 Bg7 47. Bh4 Nc5 48. Bf6 Bf8 49. Bd4 Nd7 50. Kc3 Bc5 51. Bxc5 Kxc5 52. Nf2 Kd5 53. Kb4 Nc5 54. Nd1 Nd3+ 55. Kb5 Ne1 56. g4 Nc2 57. Nc3+ Ke5 58. Nd1 Kd5 59. h4 h5 60. g5 Ke5 61. Kxc4 Ne1 62. Nf2 Nf3 63. Nh3 Nxh4 64. Nf4 Kf5 65. Nh3 Nf3 66. Kd5 Nxg5 67. Nf2 h4 68. Nh1 h3 69. Ng3+ Kg4 70. Nh1 Kf3 0-1

[Event "Titled Tuesday intern op 23rd Jul Late"]
[Site "Chess.com INT"]
[Date "2024.07.23"]
[Round "7"]
[White "Goltsev, Dmitry"]
[Black "Gonzalez Castillo, Jose Javier"]
[Result "1-0"]
[WhiteElo "2170"]
[BlackElo "2165"]
[PlyCount "105"]
[EventDate "2024.07.23"]
[EventType "swiss (blitz)"]
[EventRounds "11"]
[EventCountry "USA"]
[SourceTitle "EXT 2025"]
[Source "ChessBase"]
[SourceDate "2024.10.14"]
[SourceVersion "1"]
[SourceVersionDate "2024.10.14"]
[SourceQuality "1"]

1. e4 g6 2. h4 d5 3. exd5 Qxd5 4. Nc3 Qd6 5. h5 Bg7 6. Bc4 Be6 7. Bxe6 Qxe6+ 8. Nge2 c6 9. d4 Nh6 10. Bxh6 Bxh6 11. d5 cxd5 12. Qxd5 Qxd5 13. Nxd5 Na6 14. c4 e6 15. Nf6+ Ke7 16. Ng4 Bg7 17. 0-0-0 Rhd8 18. hxg6 hxg6 19. b3 Nb4 20. a3 Nd3+ 21. Kc2 Ne5 22. Ne3 Rxd1 23. Rxd1 Rh8 24. c5 Rh2 25. f4 Ng4 26. Nxg4 Rxg2 27. Kd3 Rxg4 28. b4 Rh4 29. b5 Rh3+ 30. Kc4 Rxa3 31. c6 bxc6 32. bxc6 Ra6 33. Kb5 Rb6+ 34. Kc5 Bf8 35. Nd4 Kd8+ 36. Kc4 Kc7 37. Rh1 Bg7 38. Nb5+ Kxc6 39. Nxa7+ Kd7 40. Rh7 Ra6 41. Rxg7 Ke7 42. Nb5 Ra4+ 43. Kc5 Rxf4 44. Rg8 Rf5+ 45. Kc6 g5 46. Nd6 Rd5 47. Ne4 Rd1 48. Rxg5 Rc1+ 49. Kb5 Rb1+ 50. Kc4 Rc1+ 51. Kd3 Rd1+ 52. Ke3 Rd4 53. Kxd4 1-0